Ponuka vzdelávacích služieb v období zmien a úloha ľudských zdrojov

Permanentné zmeny a manažment ľudských zdrojov vo vzdelávacích inštitúciách. Zmeny, ktorým sú vystavené vzdelávacie inštitúcie - externé a interné faktory vyvolávajúce zmeny. Výsledky a diskusia k prístupom školských inštitúcií pri príprave študijných programov v období zmien. Uplatňované faktory pr...

Full description

Saved in:
Bibliographic Details
Main Author: Matulčíková, Marta, 1964-
Format: Book Chapter
Language:Slovak
Subjects:
Tags: Add Tag
No Tags, Be the first to tag this record!

MARC

LEADER 00000naa$a2200000$$$4500
001 0179232
005 20240502073038.8
041 0 |a slo 
044 |a SK 
245 1 0 |a Ponuka vzdelávacích služieb v období zmien a úloha ľudských zdrojov  |c Marta Matulčíková 
520 |a Permanentné zmeny a manažment ľudských zdrojov vo vzdelávacích inštitúciách. Zmeny, ktorým sú vystavené vzdelávacie inštitúcie - externé a interné faktory vyvolávajúce zmeny. Výsledky a diskusia k prístupom školských inštitúcií pri príprave študijných programov v období zmien. Uplatňované faktory pri tvorbe vzdelávacieho produktu. 
610 2 0 |a školstvo 
610 2 0 |a inštitúcie vzdelávacie 
610 2 0 |a riadenie ľudských zdrojov 
610 2 0 |a služby 
610 2 0 |a produkty 
610 2 0 |a študenti 
610 2 0 |a programy študijné 
610 2 0 |a trh práce 
100 1 |a Matulčíková, Marta, 1964-